The prophet Muhammad : a biography (Record no. 588821)
[ view plain ]
| 000 -LEADER | |
|---|---|
| fixed length control field | 00666 a2200241 4500 |
| 003 - CONTROL NUMBER IDENTIFIER | |
| control field | NUST |
| 005 - DATE AND TIME OF LATEST TRANSACTION | |
| control field | 20220316194002.0 |
| 008 - FIXED-LENGTH DATA ELEMENTS--GENERAL INFORMATION | |
| fixed length control field | 220316b ||||| |||| 00| 0 eng d |
| 020 ## - INTERNATIONAL STANDARD BOOK NUMBER | |
| International Standard Book Number | 978-0-349-11586-3 |
| 022 ## - INTERNATIONAL STANDARD SERIAL NUMBER | |
| Source | 978-0-349-11586-3 |
| 038 ## - RECORD CONTENT LICENSOR | |
| Staff Name | SAIF |
| 040 ## - CATALOGING SOURCE | |
| Original cataloging agency | DLC |
| Language of cataloging | DLC |
| 082 04 - DEWEY DECIMAL CLASSIFICATION NUMBER | |
| Classification number | 297.63 |
| Author Mark | ROG |
| 100 1# - MAIN ENTRY--PERSONAL NAME | |
| Personal name | Rogerson, Barnaby, |
| 9 (RLIN) | 89306 |
| 245 14 - TITLE STATEMENT | |
| Title | The prophet Muhammad : a biography |
| Statement of responsibility, etc. | Barnaby Rogerson |
| 260 ## - PUBLICATION, DISTRIBUTION, ETC. | |
| Place of publication, distribution, etc. | London : |
| Name of publisher, distributor, etc. | Little, Brown, |
| Date of publication, distribution, etc. | 2003 |
| 300 ## - PHYSICAL DESCRIPTION | |
| Extent | xv, 240 s. : |
| Other physical details | kart. ; |
| Dimensions | 22cm. |
| 563 ## - BINDING INFORMATION | |
| Binding note | H.B |
| 600 07 - SUBJECT ADDED ENTRY--PERSONAL NAME | |
| Personal name | Muhammed, |
| Dates associated with a name | d. 632 |
| 9 (RLIN) | 89307 |
| 600 07 - SUBJECT ADDED ENTRY--PERSONAL NAME | |
| Personal name | Muhammed, |
| Dates associated with a name | d. 632 |
| 9 (RLIN) | 89307 |
| 655 #4 - INDEX TERM--GENRE/FORM | |
| Genre/form data or focus term | Bok |
| 9 (RLIN) | 89308 |
| 942 ## - ADDED ENTRY ELEMENTS (KOHA) | |
| Koha item type | Book |
| Call number prefix | 297.63 ROG |
| Source of classification or shelving scheme | |
| Withdrawn status | Lost status | Source of classification or shelving scheme | Damaged status | Not for loan | Permanent Location | Current Location | Date acquired | Total Checkouts | Total Renewals | Full call number | Barcode | Date last seen | Date last checked out | Price effective from | Koha item type |
|---|---|---|---|---|---|---|---|---|---|---|---|---|---|---|---|
| School of Civil and Environmental Engineering (SCEE) | School of Civil and Environmental Engineering (SCEE) | 03/16/2022 | 2 | 1 | 297.63 ROG | NIT-13571 | 09/23/2024 | 06/02/2023 | 03/16/2022 | Book |
